000 00643nam a2200205 i 4500
001 58952
003 ES-MaACL
005 20230906163927.0
007 t|
008 031024s1959 sp ||||1| spa d
100 1 _aEley, Cannon R.
_946935
245 1 0 _aPediatría /
_cpor Cannon R. Eley y Benjamín Kramer ; versión española por F.J. Morales Belda.
250 _a[1ª ed.].
260 _aMadrid :
_bCastilla,
_c[1959]
300 _aVIII, 327 p. :
_bil. ;
_c21 cm.
650 4 _aPediatría.
_9136672
700 1 _aKramer, Benjamín.
_968726
700 1 _aMorales Belda, Francisco Javier.
_983018
852 _aES-MaACL
_jC-18195
_bR.44869
999 _c58952
_d58952